[Event "Maastricht Limburg op-B 9th"]
[Site "Maastricht"]
[Date "2015.05.24"]
[Round "5"]
[White "Zatyko, Ferry"]
[Black "Arns, Danny"]
[Result "1-0"]
[WhiteElo "1777"]
[BlackElo "1841"]
[PlyCount "69"]
[EventDate "2015.05.22"]
[EventType "swiss"]
[EventRounds "7"]
[EventCountry "NED"]
[SourceTitle "EXT 2016"]
[Source "ChessBase"]
[SourceDate "2015.10.08"]
[SourceVersion "1"]
[SourceVersionDate "2015.10.08"]
[SourceQuality "1"]

1. e4 e6 2. d4 d5 3. Nd2 Be7 4. Bd3 c5 5. exd5 Qxd5 6. Bb5+ Bd7 7. Bxd7+ Nxd7 8. Ndf3 e5 9. dxe5 Qxd1+ 10. Kxd1 0-0-0 11. Ke2 f6 12. Bf4 fxe5 13. Bxe5 Re8 14. Kd3 Ngf6 15. h3 Nxe5+ 16. Nxe5 Nd5 17. Ngf3 Nf4+ 18. Kc4 Nxg2 19. Rhg1 Nf4 20. Nf7 Rhf8 21. Rxg7 Bf6 22. Nd6+ Kd8 23. Nxb7+ Kc8 24. Nd6+ Kb8 25. Nxe8 Rxe8 26. Rxh7 Re4+ 27. Kxc5 Be7+ 28. Kc6 Rc4+ 29. Kd7 Bb4 30. Rh4 Rc7+ 31. Ke8 Re7+ 32. Kf8 Ng6+ 33. Kg8 Rb7 34. Rxb4 Rxb4 35. Kf7 1-0

[Event "Maastricht Limburg op-B 9th"]
[Site "Maastricht"]
[Date "2015.05.23"]
[Round "2"]
[White "Arns, Danny"]
[Black "Van den Akker, Guus"]
[Result "1/2-1/2"]
[WhiteElo "1841"]
[BlackElo "1753"]
[PlyCount "37"]
[EventDate "2015.05.22"]
[EventType "swiss"]
[EventRounds "7"]
[EventCountry "NED"]
[SourceTitle "EXT 2016"]
[Source "ChessBase"]
[SourceDate "2015.10.08"]
[SourceVersion "1"]
[SourceVersionDate "2015.10.08"]
[SourceQuality "1"]

1. e4 e6 2. d4 d5 3. e5 c5 4. c3 Nc6 5. Nf3 Bd7 6. Bd3 cxd4 7. cxd4 Qb6 8. 0-0 Nxd4 9. Nbd2 Nxf3+ 10. Nxf3 Nh6 11. a3 Bb5 12. Bxh6 gxh6 13. Bxb5+ Qxb5 14. Nd4 Qb6 15. Qa4+ Kd8 16. Rac1 Bg7 17. Rfe1 Rc8 18. Rxc8+ Kxc8 19. Re2 1/2-1/2

[Event "Maastricht Limburg op-B 7th"]
[Site "Maastricht"]
[Date "2013.05.20"]
[Round "7"]
[White "Arns, Danny"]
[Black "Peter, Laurenz"]
[Result "1/2-1/2"]
[WhiteElo "1758"]
[BlackElo "1862"]
[PlyCount "101"]
[EventDate "2013.05.17"]
[EventType "swiss"]
[EventRounds "7"]
[EventCountry "NED"]
[SourceTitle "EXT 2014"]
[Source "ChessBase"]
[SourceDate "2013.11.20"]
[SourceVersion "1"]
[SourceVersionDate "2013.11.20"]
[SourceQuality "1"]

1. e4 c5 2. Nf3 e6 3. d4 cxd4 4. Nxd4 a6 5. Nc3 Qc7 6. Be3 Nf6 7. f3 h5 8. Qd2 h4 9. 0-0-0 b5 10. Be2 b4 11. Na4 d5 12. e5 Nfd7 13. f4 Qa5 14. b3 Nc5 15. Nxc5 Bxc5 16. Kb1 Bd7 17. a4 Qb6 18. Bf3 Nc6 19. Qf2 Nxd4 20. Bxd4 Rc8 21. g3 hxg3 22. hxg3 Rxh1 23. Bxh1 Bxd4 24. Qxd4 Qxd4 25. Rxd4 a5 26. Kc1 Ke7 27. Bg2 Rh8 28. Rd2 Bc8 29. Kd1 Ba6 30. Ke1 f6 31. exf6+ gxf6 32. f5 Rh5 33. fxe6 Kxe6 34. Bf3 Re5+ 35. Kf2 Kd6 36. Be2 Bxe2 37. Rxe2 Kc5 38. Rd2 f5 39. Kf3 Re4 40. Rh2 Re1 41. Rd2 Kd6 42. g4 fxg4+ 43. Kxg4 Ke5 44. Kf3 d4 45. Re2+ Rxe2 46. Kxe2 Ke4 47. Kd2 d3 48. cxd3+ Kd4 49. Kc2 Ke3 50. d4 Kxd4 51. Kd2 1/2-1/2

[Event "Maastricht Limburg op-C 6th"]
[Site "Maastricht"]
[Date "2012.05.28"]
[Round "7"]
[White "Arns, Danny"]
[Black "Kalkman de Koster, Franzke"]
[Result "1-0"]
[WhiteElo "1530"]
[BlackElo "1623"]
[PlyCount "83"]
[EventDate "2012.05.25"]
[EventType "swiss"]
[EventRounds "7"]
[EventCountry "NED"]
[SourceTitle "EXT 2013"]
[Source "ChessBase"]
[SourceDate "2012.11.22"]
[SourceVersion "1"]
[SourceVersionDate "2012.11.22"]
[SourceQuality "1"]

1. e4 c5 2. Nf3 Nc6 3. d4 cxd4 4. Nxd4 e5 5. Nb5 d6 6. c4 a6 7. N5a3 Nf6 8. Nc3 Be7 9. Be3 Rb8 10. f3 0-0 11. Nd5 b5 12. cxb5 axb5 13. Bxb5 Nxd5 14. Qxd5 Na5 15. b4 Be6 16. Qd3 Nb7 17. 0-0 d5 18. exd5 Bxd5 19. Nc2 Bf6 20. a4 e4 21. fxe4 Bxa1 22. exd5 Bf6 23. Bc6 Qc7 24. Qe4 Be5 25. g3 Bd6 26. Ra1 Nd8 27. b5 Nxc6 28. dxc6 Rfe8 29. Qf3 Qa5 30. Qg4 Bc7 31. Bd4 Be5 32. Bxe5 Rxe5 33. Qb4 Qb6+ 34. Qd4 Qc7 35. Rd1 Re7 36. Ne3 g6 37. Nd5 Qd8 38. Nf6+ Kf8 39. Qxd8+ Rxd8 40. Rxd8+ Kg7 41. Nd5 Re1+ 42. Kf2 1-0

[Event "Maastricht Limburg op-C 6th"]
[Site "Maastricht"]
[Date "2012.05.26"]
[Round "3"]
[White "Arns, Danny"]
[Black "Vossen, Martijn"]
[Result "1/2-1/2"]
[WhiteElo "1530"]
[BlackElo "1656"]
[PlyCount "33"]
[EventDate "2012.05.25"]
[EventType "swiss"]
[EventRounds "7"]
[EventCountry "NED"]
[SourceTitle "EXT 2013"]
[Source "ChessBase"]
[SourceDate "2012.11.22"]
[SourceVersion "1"]
[SourceVersionDate "2012.11.22"]
[SourceQuality "1"]

1. e4 d6 2. d4 Nf6 3. Nc3 g6 4. f4 Bg7 5. Nf3 c6 6. Be3 b5 7. e5 Ng4 8. Qd2 Nxe3 9. Qxe3 Bb7 10. Bd3 Qc7 11. 0-0 Nd7 12. e6 fxe6 13. Qxe6 Nf8 14. Qe3 0-0-0 15. Ng5 Re8 16. Nf7 Rg8 17. Rad1 1/2-1/2

[Event "Bad Godesberg op 15th"]
[Site "Bad Godesberg"]
[Date "2011.07.29"]
[Round "7"]
[White "Arns, Danny"]
[Black "Schardt, Till"]
[Result "1-0"]
[WhiteElo "1601"]
[BlackElo "1323"]
[PlyCount "63"]
[EventDate "2011.07.23"]
[EventType "swiss"]
[EventRounds "9"]
[EventCountry "GER"]
[SourceTitle "EXT 2017"]
[Source "ChessBase"]
[SourceDate "2016.10.25"]
[SourceVersion "1"]
[SourceVersionDate "2016.10.25"]
[SourceQuality "1"]

1. e4 e5 2. Bc4 Nf6 3. d3 Bc5 4. Nf3 0-0 5. Nxe5 d6 6. Nf3 Nc6 7. h3 Be6 8. Bb3 Nd4 9. Nxd4 Bxd4 10. a3 Bb6 11. Ba2 Qe7 12. Bg5 Bd7 13. Qf3 Qe5 14. Bxf6 Qxf6 15. Qxf6 gxf6 16. g4 Rfe8 17. Nd2 f5 18. gxf5 Bxf5 19. 0-0-0 Be6 20. d4 Bxa2 21. b3 Bxb3 22. cxb3 c5 23. Rhg1+ Kf8 24. dxc5 Bxc5 25. Rg3 Bxf2 26. Rf3 Bh4 27. Rxf7+ Kg8 28. Rg1+ Kh8 29. Rgg7 Be1 30. Rxh7+ Kg8 31. Rfg7+ Kf8 32. Rg8+ 1-0

[Event "Bad Godesberg op 15th"]
[Site "Bad Godesberg"]
[Date "2011.07.23"]
[Round "1"]
[White "Arns, Danny"]
[Black "Ebert, Mario"]
[Result "0-1"]
[WhiteElo "1601"]
[BlackElo "1922"]
[PlyCount "44"]
[EventDate "2011.07.23"]
[EventType "swiss"]
[EventRounds "9"]
[EventCountry "GER"]
[SourceTitle "EXT 2017"]
[Source "ChessBase"]
[SourceDate "2016.10.25"]
[SourceVersion "1"]
[SourceVersionDate "2016.10.25"]
[SourceQuality "1"]

1. e4 e5 2. Bc4 Nc6 3. Nf3 Nf6 4. d3 Bc5 5. c3 0-0 6. 0-0 d6 7. b4 Bb6 8. Bg5 Bg4 9. Nbd2 h6 10. Bh4 g5 11. Bg3 Nh5 12. h3 Nxg3 13. hxg4 Nxf1 14. Kxf1 Qf6 15. g3 h5 16. Qe2 h4 17. Kg2 Kg7 18. Rh1 Rh8 19. gxh4 gxh4 20. Rh3 Rag8 21. Nh2 Nd8 22. Rf3 h3+ 0-1

[Event "Maastricht Limburg op-B 5th"]
[Site "Maastricht"]
[Date "2011.06.12"]
[Round "4"]
[White "Arns, Danny"]
[Black "Ibrahim, Ashraf"]
[Result "0-1"]
[WhiteElo "1706"]
[BlackElo "1802"]
[PlyCount "98"]
[EventDate "2011.06.10"]
[EventType "swiss"]
[EventRounds "7"]
[EventCountry "NED"]
[SourceTitle "EXT 2012"]
[Source "ChessBase"]
[SourceDate "2011.11.24"]
[SourceVersion "1"]
[SourceVersionDate "2011.11.24"]
[SourceQuality "1"]

1. e4 d5 2. exd5 Qxd5 3. Nc3 Qa5 4. Bc4 Nf6 5. d3 c6 6. Qe2 e6 7. Nf3 Bd6 8. Bd2 Qc7 9. h3 Nbd7 10. 0-0-0 b5 11. Bb3 Nb6 12. g4 a5 13. g5 Nfd7 14. Bxe6 fxe6 15. Qxe6+ Be7 16. g6 Rf8 17. gxh7 Nf6 18. Ng5 Bxe6 19. Nxe6 Qd6 20. Nxf8 Nxh7 21. Ne4 Qd5 22. Nxh7 Qxa2 23. Bc3 Bb4 24. Rde1 0-0-0 25. Bxb4 axb4 26. b3 Qa1+ 27. Kd2 Qe5 28. Nhg5 c5 29. Rhf1 c4 30. f4 Qd5 31. Rc1 cxd3 32. cxd3+ Nc4+ 33. Rxc4+ bxc4 34. Rf3 cxd3 35. Nf2 Qxb3 36. Rxd3 Qb2+ 37. Ke3 Re8+ 38. Nge4 b3 39. Kf3 Kc7 40. Rc3+ Kb8 41. Nd3 Qb1 42. Nef2 Rc8 43. Rxc8+ Kxc8 44. Kg4 Qg1+ 45. Kf3 Kd8 46. Ke3 Ke8 47. Kf3 Qa1 48. Kg4 Qd4 49. Kf3 Kf8 0-1

[Event "Maastricht Limburg op-C 4th"]
[Site "Maastricht"]
[Date "2010.05.22"]
[Round "2"]
[White "Arns, Danny"]
[Black "Senden, Sjef"]
[Result "0-1"]
[WhiteElo "1615"]
[BlackElo "1710"]
[PlyCount "106"]
[EventDate "2010.05.21"]
[EventType "swiss"]
[EventRounds "7"]
[EventCountry "NED"]
[SourceTitle "EXT 2011"]
[Source "ChessBase"]
[SourceDate "2010.11.26"]
[SourceVersion "1"]
[SourceVersionDate "2010.11.26"]
[SourceQuality "1"]

1. e4 c5 2. Nf3 Nc6 3. d4 cxd4 4. Nxd4 Nf6 5. Nc3 d6 6. Be3 a6 7. Be2 e6 8. Qd2 Qc7 9. f3 Be7 10. 0-0 0-0 11. Kh1 b5 12. a3 Bb7 13. g4 Rfc8 14. Rac1 Ne5 15. g5 Nfd7 16. f4 Nc4 17. Bxc4 Qxc4 18. Qd3 Nc5 19. Qxc4 bxc4 20. Nde2 Nxe4 21. Kg1 Nxc3 22. Nxc3 d5 23. Na4 Rc6 24. Nb6 Rd8 25. c3 Bc5 26. Bxc5 Rxc5 27. b4 cxb3 28. Rfd1 Rb5 29. Nc4 Kf8 30. Nd2 b2 31. Rc2 Rc8 32. Rb1 Rcc5 33. a4 Rb6 34. Rcxb2 Rxb2 35. Rxb2 Bc8 36. Nb1 Ke7 37. Kf2 f6 38. h4 e5 39. gxf6+ gxf6 40. fxe5 fxe5 41. Rb3 Ra5 42. Rb4 Bd7 43. c4 d4 44. Nd2 Bxa4 45. c5 Bb5 46. Nf3 Ra2+ 47. Kg1 Ra1+ 48. Kh2 Ra2+ 49. Kg1 Re2 50. h5 d3 51. Rb1 Bc6 52. Ne1 d2 53. Nd3 Be4 0-1

[Event "Maastricht Limburg op-C 4th"]
[Site "Maastricht"]
[Date "2010.05.22"]
[Round "3"]
[White "Ucaroglu Melih, Furkan"]
[Black "Arns, Danny"]
[Result "1-0"]
[WhiteElo "1414"]
[BlackElo "1615"]
[PlyCount "109"]
[EventDate "2010.05.21"]
[EventType "swiss"]
[EventRounds "7"]
[EventCountry "NED"]
[SourceTitle "EXT 2011"]
[Source "ChessBase"]
[SourceDate "2010.11.26"]
[SourceVersion "1"]
[SourceVersionDate "2010.11.26"]
[SourceQuality "1"]

1. f4 e5 2. fxe5 d6 3. exd6 Bxd6 4. Nf3 g5 5. g3 g4 6. Nh4 Nf6 7. d4 Nh5 8. Qd3 Qf6 9. Nd2 Nc6 10. c3 Bd7 11. Ne4 Qe7 12. Nxd6+ Qxd6 13. Bd2 0-0-0 14. Bg2 Be6 15. e4 Ne5 16. Qc2 Nc4 17. e5 Qb6 18. b3 Nxd2 19. Qxd2 h6 20. 0-0 c5 21. dxc5 Qxc5+ 22. Qf2 Qxf2+ 23. Kxf2 Rd2+ 24. Kg1 Rhd8 25. Nf5 Re2 26. Nd6+ Kb8 27. Rfe1 Rc2 28. c4 b6 29. Bd5 Ng7 30. Rad1 Rxa2 31. Nxf7 Bxf7 32. Bxf7 Rf8 33. e6 Nxe6 34. Bxe6 Rff2 35. Bd5 Rxh2 36. Rf1 h5 37. Be4 Rhd2 38. Rxd2 Rxd2 39. Rf2 Rd6 40. Bd5 b5 41. Rf8+ Kc7 42. Rf7+ Kd8 43. Rxa7 bxc4 44. bxc4 h4 45. gxh4 Rh6 46. Kg2 Rxh4 47. Kg3 Rh5 48. Kxg4 Re5 49. Kf4 Rh5 50. Ke4 Kc8 51. Kd4 Rh6 52. Kc5 Kb8 53. Rb7+ Kc8 54. Re7 Kd8 55. Re6 1-0

[Event "Duesseldorf Nord Cup 7th GrF"]
[Site "Duesseldorf"]
[Date "2007.08.12"]
[Round "5"]
[White "Arns, Danny"]
[Black "Schumacher, Timo"]
[Result "0-1"]
[WhiteElo "1053"]
[BlackElo "1018"]
[PlyCount "29"]
[EventDate "2007.08.10"]
[EventType "swiss"]
[EventRounds "5"]
[EventCountry "GER"]
[SourceTitle "EXT 2020"]
[Source "ChessBase"]
[SourceDate "2019.10.17"]
[SourceVersion "1"]
[SourceVersionDate "2019.10.17"]
[SourceQuality "1"]

1. e4 e5 2. Nf3 Nc6 3. d4 exd4 4. Nxd4 Nf6 5. Nxc6 bxc6 6. Nc3 d5 7. e5 Ng4 8. Bd2 Nxe5 9. Qe2 Bd6 10. Bf4 Qf6 11. Bxe5 Bxe5 12. 0-0-0 0-0 13. Qf3 Qg5+ 14. Kb1 Bg4 15. Qxg4 0-1

[Event "Duesseldorf Nord Cup 7th GrF"]
[Site "Duesseldorf"]
[Date "2007.08.11"]
[Round "3"]
[White "Arns, Danny"]
[Black "Mauelshagen, Christian"]
[Result "1-0"]
[WhiteElo "1053"]
[BlackElo "952"]
[PlyCount "71"]
[EventDate "2007.08.10"]
[EventType "swiss"]
[EventRounds "5"]
[EventCountry "GER"]
[SourceTitle "EXT 2020"]
[Source "ChessBase"]
[SourceDate "2019.10.17"]
[SourceVersion "1"]
[SourceVersionDate "2019.10.17"]
[SourceQuality "1"]

1. e4 e6 2. Nf3 d5 3. exd5 exd5 4. Qe2+ Be6 5. Qb5+ Nd7 6. Qxb7 Bc5 7. Qa6 Ngf6 8. Ng5 Qe7 9. Qe2 Bxf2+ 10. Qxf2 Ng4 11. Qf4 Bf5+ 12. Be2 0-0 13. Qxf5 Ndf6 14. Nc3 c6 15. 0-0 h6 16. Bxg4 hxg5 17. Qxg5 Rae8 18. d3 Qd6 19. Rxf6 Qxf6 20. Qxf6 gxf6 21. Bh6 Re5 22. Bxf8 Kxf8 23. Rf1 Kg7 24. Kf2 d4 25. Ne2 Rb5 26. Nxd4 Rxb2 27. Bd7 c5 28. Nf5+ Kg6 29. Ne3 Rxa2 30. Kg3 a5 31. Nd5 a4 32. Nc3 Rxc2 33. Nxa4 Rd2 34. Nxc5 Kg5 35. Ne4+ Kh5 36. Nxd2 1-0